000
00235nam a2200097Ia 4500
001
640871
005
20250826153455.0
008
250824s9999 xx 000 0 und d
245
0
_a
OYUNUN SONU
_c
İSMAİL BİLGİN
260
_b
GENÇ TİMAŞ
999
_c
640871
_d
640871